000 00715nam a2200289Ia 4500
005 20260324120112.0
008 008 260324s9999 xx 000 0 eng d
020 _a9781315813844
037 _aEBOOK
040 _aCRL
040 _beng
040 _cCRL
041 _2eng
041 _aeng
084 _qCRL
100 _aRobert K. Conyne
_91157247
245 0 _aCounseling for Wellness and Prevention
245 0 _bHelping People Become Empowered in Systems and Settings
260 _bTaylor and Francis
260 _c2015
365 _a
365 _b230
856 _uhttp://www.taylorfrancis.com/books/9781315813844
942 _cEBOOK
999 _c1748579
_d1748579